Sedemdesiat rokov Stredoslovenských energetických závodov 1923-1993
Salvato in:
| Altri autori: | |
|---|---|
| Natura: | Libro |
| Lingua: | slovacco |
| Pubblicazione: |
Martin
Neografia
1993
|
| Edizione: | 1. vyd. |
| Soggetti: | |
| Tags: |
Nessun Tag, puoi essere il primo ad aggiungerne!!
|
MARC
| LEADER | 00000nam a2200000 4500 | ||
|---|---|---|---|
| 001 | c004731 | ||
| 005 | 20221128073821.8 | ||
| 020 | |a 80-85186-27-6 | ||
| 041 | 0 | |a slo | |
| 044 | |a SK | ||
| 245 | 1 | 0 | |a Sedemdesiat rokov Stredoslovenských energetických závodov |b 1923-1993 |c Hl. zost. Vojtech Žiak |
| 250 | |a 1. vyd. | ||
| 264 | 1 | |a Martin |b Neografia |c 1993 | |
| 300 | |a 214 s. | ||
| 610 | 2 | 0 | |a energetika |
| 610 | 2 | 0 | |a 1923-1993 |
| 610 | 2 | 0 | |a Slovensko |
| 610 | 2 | 0 | |a elektrárne |
| 610 | 2 | 0 | |a elektrifikácia |
| 610 | 2 | 0 | |a teplárenstvo |
| 700 | 1 | |a Žiak, Vojtech | |